rozpoznaj kraj po kształcie - Statystyki

Ogólne statystyki
  • Ten quiz został rozwiązany 1 086 razy
  • Średni wynik to 4 z 16
Statystyki odpowiedzi
Obrazkowy Odpowiedź % Poprawnych
Polska
100%
Rosja
64%
Cypr
60%
Austria
55%
Nepal
41%
Watykan
37%
Kirgistan
27%
Nauru
23%
Kongo
16%
Urugwaj
11%
Seszele
4%
Palau
3%
Barbados
2%
Dominika
2%
Mauritius
2%
Reunion
1%
Nie znaleziono quizów pasujących do podanych kryteriów
Rozkład punktacji
Procent ludzi z każdym wynikiem
Percentyl według liczby udzielonych odpowiedzi
Twoja historia wyników
Nie rozwiązałeś tego quizu